000 00670nam a22002177a 4500
003 OSt
005 20220107122813.0
008 160517b xxu||||| |||| 00| 0 eng d
020 _a9781447163190
040 _cIIITMK
082 _a006.37 KLE/C
100 _aKlette, Reinhard
_99493
245 _aConcise computer vision:
_bAn introduction into theory and algorithms
_cReinhard Klette
260 _aNew York,
_bSpringer,
_c2014.
300 _axviii, 429p.
440 _aSpringer series in undergraduate topics in computer science
_99494
650 _aCOMPUTER SCIENCE
_99495
650 _aCOMPUTER VISION
_99496
651 _aIMAGE PROCESSING
_99497
942 _2ddc
_cBK
999 _c5170
_d5170